Statistics for Future Albums Ranked (Number of Songs on Hot 100)

Click here to take the quiz!

General Stats

  • This quiz has been taken 6 times
  • The average score is 11 of 14

Answer Stats

Year ReleasedNo. of Songs that ChartedAlbum% Correct
201510What a Time To Be Alive (Jumpman, Big Rings, Diamonds Dancing, Digital Dash, Scholarships, Live From The Gutter, I'm The Plug, Plastic Bag, Change Locations, Jersey)
100%
20198The Wizrd (Crushed Up, First Off, Jumpin' On A Jet, Never Stop, Temptation, Rocket Ship, F&N, Call The Coroner)
100%
20177FUTURE (Mask Off, Used To This, Draco, Rent Money, Super Trapper, Extra Luv, Zoom)
100%
20155DS2 (Where Ya At, Commas, Stick Talk, Blow A Bag, Rich $ex)
100%
20173HNDRXX (Selfish, You Da Baddest, Comin' Out Strong)
100%
20183WRLD on Drugs (Fine China, Jet Lag, Astronauts)
100%
20176Super Slimey (Patek Water, No Cap, Feed Me Dope, All Da Smoke, 4 Da Gang, Three)
75%
20184Beast Mode 2 (WiFi Lit, 31 Days, Cuddle My Wrist, Racks Blue)
75%
20163EVOL (Low Life, Wicked, Fly S**t Only)
75%
20193Save Me (Please Tell Me, XanaX Damage, Government Official)
75%
20141Monster (Commas)
75%
20124Pluto (Turn On The Lights, Neva End, Magic (Remix), Same Damn Time)
50%
20144Honest (Move That Doh, Honest, Karate Chop (Remix), I Won)
50%
20161Purple Reign (Wicked)
50%

Score Distribution

Percentile by Number Answered

Percent of People with Each Score

Your Score History

You have not taken this quiz